[Event "25th European Teams"]
[Site "Batumi GEO"]
[Date "2025.10.05"]
[Round "1.6"]
[Board "1"]
[White "Kazakouski, Valery"]
[Black "Sargsyan, Shant"]
[Result "0-1"]
[WhiteTitle "GM"]
[BlackTitle "GM"]
[WhiteElo "2581"]
[BlackElo "2667"]
[WhiteTeam "Lithuania"]
[BlackTeam "Armenia"]
[WhiteFideId "13507443"]
[BlackFideId "13306766"]
[EventDate "2025.10.05"]

1. e4 e6 2. d4 d5 3. e5 c5 4. c3 Nc6 5. Nf3 Bd7 6. Be2 Nge7 7. Na3 cxd4 8. cxd4
Nf5 9. Nc2 Be7 10. O-O O-O 11. Bd3 f6 12. exf6 Bxf6 13. Re1 Rc8 14. Bxf5 exf5
15. Bf4 Be8 16. Qd2 Bh5 17. Ne5 Na5 18. Qd3 g5 19. Bd2 f4 20. Bxa5 Qxa5 21. Qb3
Qd2 22. Nb4 Bxe5 23. dxe5 Rc4 24. a3 a5 25. Qh3 Bg6 26. Rad1 Re4 27. Rf1 Qxb2
28. Nd3 Qb6 29. Qh6 Qd8 30. Ne1 f3 31. Qh3 g4 32. Qg3 Rf5 33. gxf3 gxf3 34. Kh1
Rg5 35. Qxf3 Rexe5 36. Qf4 Re4 37. Qd2 Qe7 38. Nf3 Rf5 39. Nd4 Rh5 40. f3 Reh4
41. Rf2 Qxa3 42. Rg2 Kf7 43. Rc1 Qb4 44. Rc7+ Kf6 45. Qxb4 axb4 46. Rd2 b5 47.
Rc6+ Ke5 48. Re6+ Kf4 49. Ree2 Re5 50. Rf2 Re1+ 51. Kg2 Ke3 52. Nc6 Bd3 53. Rb2
Rb1 54. Rxb1 Bxb1 55. Rb2 Bd3 56. Kg3 Rh6 57. Ne5 Kd4 58. f4 Bf5 59. Rxb4+ Kc5
60. Rb2 b4 61. h4 Rb6 62. Kf2 b3 63. Ke3 Kb4 64. Rd2 Kc3 0-1

[Event "25th European Teams"]
[Site "Batumi GEO"]
[Date "2025.10.05"]
[Round "1.6"]
[Board "2"]
[White "Martirosyan, Haik M."]
[Black "Stremavicius, Titas"]
[Result "1/2-1/2"]
[WhiteTitle "GM"]
[BlackTitle "GM"]
[WhiteElo "2626"]
[BlackElo "2531"]
[WhiteTeam "Armenia"]
[BlackTeam "Lithuania"]
[WhiteFideId "13306553"]
[BlackFideId "12804444"]
[EventDate "2025.10.05"]

1. d4 d5 2. c4 e6 3. Nf3 Nf6 4. Nc3 Be7 5. Bf4 O-O 6. e3 b6 7. cxd5 Nxd5 8. Nxd5
Qxd5 9. Be2 Qa5+ 10. Nd2 Ba6 11. O-O c5 12. Nc4 Bxc4 13. Bxc4 cxd4 14. Qf3 Nd7
15. Qb7 Rad8 16. exd4 Nf6 17. Bxe6 fxe6 18. Qxe7 Rfe8 19. Qb7 Rxd4 20. Be3 Rd7
21. Qc6 Qd5 22. Qa4 Rc8 23. h3 Rc4 24. Qb3 Rc6 25. Qa3 Kf7 26. Rac1 Rxc1 27.
Rxc1 Qb5 28. Bf4 Qe2 29. Bg3 Ne4 30. Kh2 Nxg3 31. Qxg3 Qxb2 32. Rc3 Qd2 33. Rf3+
Kg8 34. Qb8+ Rd8 35. Qxa7 Qd6+ 36. Rg3 g6 37. Qa6 Rf8 38. Qe2 Rf5 39. a4 Rf4 40.
Qc2 Rd4 41. Qc8+ Kg7 42. Qb7+ Kg8 1/2-1/2

[Event "25th European Teams"]
[Site "Batumi GEO"]
[Date "2025.10.05"]
[Round "1.6"]
[Board "3"]
[White "Pultinevicius, Paulius"]
[Black "Sargissian, Gabriel"]
[Result "1-0"]
[WhiteTitle "GM"]
[BlackTitle "GM"]
[WhiteElo "2532"]
[BlackElo "2624"]
[WhiteTeam "Lithuania"]
[BlackTeam "Armenia"]
[WhiteFideId "12809390"]
[BlackFideId "13300881"]
[EventDate "2025.10.05"]

1. c4 e6 2. Nc3 d5 3. d4 Nf6 4. cxd5 exd5 5. Bg5 c6 6. e3 h6 7. Bh4 Be7 8. Bd3
O-O 9. Nge2 Ne8 10. Bg3 Nd6 11. O-O Re8 12. Qc2 Bf8 13. Nf4 a5 14. Rfe1 Na6 15.
a3 Bd7 16. f3 b5 17. Kh1 b4 18. Na4 Nb5 19. Qc1 bxa3 20. bxa3 Bd6 21. Bf1 Rb8
22. Nc3 Nac7 23. Nce2 Qe7 24. a4 Na7 25. Nd3 Na6 26. e4 dxe4 27. fxe4 Nb4 28.
Nef4 Nc8 29. e5 Nxd3 30. Nxd3 Bc7 31. d5 1-0

[Event "25th European Teams"]
[Site "Batumi GEO"]
[Date "2025.10.05"]
[Round "1.6"]
[Board "4"]
[White "Hakobyan, Aram"]
[Black "Morkunas, Gustas"]
[Result "1-0"]
[WhiteTitle "GM"]
[BlackTitle "FM"]
[WhiteElo "2624"]
[BlackElo "2324"]
[WhiteTeam "Armenia"]
[BlackTeam "Lithuania"]
[WhiteFideId "13306677"]
[BlackFideId "12831026"]
[EventDate "2025.10.05"]

1. e4 e5 2. Nf3 Nc6 3. Bc4 Bc5 4. c3 Nf6 5. d3 d6 6. Nbd2 a6 7. Nf1 h6 8. Ng3
O-O 9. O-O Ba7 10. Bb3 Ne7 11. h3 Ng6 12. Re1 Re8 13. d4 Be6 14. Bc2 c6 15. Be3
Qc7 16. Qd2 Rad8 17. Rad1 b5 18. Qc1 a5 19. a4 Rb8 20. axb5 cxb5 21. Nf5 Bxf5
22. exf5 Nf4 23. dxe5 dxe5 24. Bxa7 Qxa7 25. Nxe5 N6h5 26. Bb3 Re7 27. f6 gxf6
28. Ng4 Kg7 29. Ne3 Re5 30. Rd4 Qb7 31. Qd1 Rg5 32. Bd5 Qc8 33. h4 Re5 34. Bf3
Qe8 35. Bxh5 Nxh5 36. Nf5+ Kg6 37. Qg4+ Kh7 38. Rxe5 1-0

[Event "25th European Teams"]
[Site "Batumi GEO"]
[Date "2025.10.05"]
[Round "1.7"]
[Board "1"]
[White "Predke, Alexandr"]
[Black "Kadric, Denis"]
[Result "1/2-1/2"]
[WhiteTitle "GM"]
[BlackTitle "GM"]
[WhiteElo "2634"]
[BlackElo "2533"]
[WhiteTeam "Serbia"]
[BlackTeam "Montenegro"]
[WhiteFideId "24107581"]
[BlackFideId "14403803"]
[EventDate "2025.10.05"]

1. e4 g6 2. d4 Bg7 3. Nc3 d6 4. Be3 Nd7 5. Nf3 Ngf6 6. h3 e5 7. d5 Qe7 8. a4 c6
9. a5 O-O 10. g4 cxd5 11. exd5 Ne8 12. Be2 f5 13. gxf5 gxf5 14. Bg5 Ndf6 15. Ra4
Qd8 16. Rg1 Bd7 17. Rb4 Rb8 18. Qa1 Kh8 19. Qa3 b6 20. Bc1 bxa5 21. Rxb8 Qxb8
22. Qxa5 Nc7 23. Bc4 Qb6 24. Qa3 a5 25. Be3 Qb4 26. Qb3 f4 27. Bb6 Rc8 28. Ng5
Be8 29. Bxc7 Rxc7 30. Ne6 Rxc4 31. Rxg7 Re4+ 32. Kd2 Rd4+ 33. Kc1 Qxb3 34. cxb3
Rd3 35. Ra7 Kg8 36. Rg7+ Kh8 37. Ra7 Kg8 38. Rg7+ Kh8 39. Ra7 Kg8 40. Rg7+ 1/2-1/2

[Event "25th European Teams"]
[Site "Batumi GEO"]
[Date "2025.10.05"]
[Round "1.7"]
[Board "2"]
[White "Petrov, Nikita"]
[Black "Sarana, Alexey"]
[Result "1/2-1/2"]
[WhiteTitle "GM"]
[BlackTitle "GM"]
[WhiteElo "2576"]
[BlackElo "2661"]
[WhiteTeam "Montenegro"]
[BlackTeam "Serbia"]
[WhiteFideId "4101286"]
[BlackFideId "24133795"]
[EventDate "2025.10.05"]

1. Nf3 d5 2. g3 g6 3. Bg2 Bg7 4. d4 Nf6 5. c4 c6 6. Qa4 O-O 7. O-O Be6 8. Ng5
Bf5 9. Nc3 Nbd7 10. cxd5 cxd5 11. Qb3 Nb6 12. Bf4 Qd7 13. Rac1 Rac8 14. Nb5 Nc4
15. Nxa7 Ra8 16. Nb5 Na5 17. Qb4 Nc6 18. Qb3 Na5 19. Qb4 Nc6 20. Qb3 1/2-1/2

[Event "25th European Teams"]
[Site "Batumi GEO"]
[Date "2025.10.05"]
[Round "1.7"]
[Board "3"]
[White "Ivic, Velimir"]
[Black "Draskovic, Luka"]
[Result "1/2-1/2"]
[WhiteTitle "GM"]
[BlackTitle "GM"]
[WhiteElo "2628"]
[BlackElo "2486"]
[WhiteTeam "Serbia"]
[BlackTeam "Montenegro"]
[WhiteFideId "950122"]
[BlackFideId "944335"]
[EventDate "2025.10.05"]

1. e4 e5 2. Nf3 Nc6 3. Bc4 Nf6 4. d3 Be7 5. Nc3 d6 6. a3 O-O 7. Ba2 a5 8. Be3 h6
9. h3 Be6 10. Nd5 Nb8 11. Nxf6+ Bxf6 12. Bxe6 fxe6 13. h4 Qe8 14. g4 Be7 15. Qe2
Qg6 16. Rg1 Nc6 17. h5 Qf7 18. Rg3 Nd4 19. Nxd4 exd4 20. Bxd4 Bh4 21. Rh3 Bg5
22. Be3 Qf6 23. d4 e5 24. dxe5 Qxe5 25. Bxg5 Qxg5 26. Rd1 Rae8 27. Re3 Qh4 28.
Rd5 Rf4 29. Rxa5 Rxg4 30. Kd2 Rgxe4 31. Rxe4 Rxe4 32. Qf3 Re8 33. Kc3 c6 34. Rf5
Qe7 35. b3 d5 36. Kb2 Ra8 37. b4 Re8 38. Qd3 Rf8 39. Rxf8+ Qxf8 40. Qe2 Qf6+ 41.
Kb3 Kf7 1/2-1/2

[Event "25th European Teams"]
[Site "Batumi GEO"]
[Date "2025.10.05"]
[Round "1.7"]
[Board "4"]
[White "Vukcevic, Nemanja"]
[Black "Markus, Robert"]
[Result "0-1"]
[WhiteTitle "FM"]
[BlackTitle "GM"]
[WhiteElo "2349"]
[BlackElo "2535"]
[WhiteTeam "Montenegro"]
[BlackTeam "Serbia"]
[WhiteFideId "941808"]
[BlackFideId "921637"]
[EventDate "2025.10.05"]

1. e4 e6 2. d4 d5 3. e5 c5 4. c3 Nc6 5. Nf3 Bd7 6. Be2 Rc8 7. O-O h6 8. Nbd2
cxd4 9. cxd4 Nge7 10. Nb3 Nf5 11. Bd2 a5 12. a4 b6 13. Bc3 Bb4 14. Qd2 O-O 15.
Nc1 f6 16. Bb5 Bxc3 17. bxc3 fxe5 18. Bxc6 Bxc6 19. Nxe5 Qe8 20. Qa2 b5 21. Ncd3
bxa4 22. Nc5 Bb5 23. Rfe1 Nd6 24. f3 Rc7 25. Qa3 Qc8 26. Nxa4 Nb7 27. Ng6 Re8
28. Rab1 Bd3 29. Rxb7 Rxb7 30. Nf4 Bf5 31. Nc5 Rb5 32. g4 e5 33. Ng2 exd4 34.
Rxe8+ Qxe8 35. gxf5 Qe2 0-1

[Event "25th European Teams"]
[Site "Batumi GEO"]
[Date "2025.10.05"]
[Round "1.8"]
[Board "1"]
[White "Bogner, Sebastian"]
[Black "Shirov, Alexei"]
[Result "1/2-1/2"]
[WhiteTitle "GM"]
[BlackTitle "GM"]
[WhiteElo "2555"]
[BlackElo "2636"]
[WhiteTeam "Switzerland"]
[BlackTeam "Spain"]
[WhiteFideId "4692055"]
[BlackFideId "2209390"]
[EventDate "2025.10.05"]

1. Nf3 d5 2. g3 Nf6 3. Bg2 e6 4. O-O Be7 5. d4 O-O 6. c4 dxc4 7. Qc2 a6 8. a4
Bd7 9. Qxc4 Bc6 10. Bg5 Nbd7 11. Nc3 a5 12. Rfe1 Bxf3 13. Bxf3 c6 14. Rad1 Nd5
15. Bc1 Bb4 16. Qb3 Qe7 17. e4 N5b6 18. e5 Nd5 19. Re2 Rfd8 20. h4 h6 21. Be4
Nf8 22. Kg2 Rac8 23. h5 b5 24. Nxd5 cxd5 25. Bd3 bxa4 26. Qxa4 Qd7 27. Bb5 Qb7
28. Be3 Nd7 29. Bf4 Nb6 30. Qb3 Nc4 31. Ba4 Nb6 32. Bb5 Nc4 33. Ba4 Nb6 1/2-1/2

[Event "25th European Teams"]
[Site "Batumi GEO"]
[Date "2025.10.05"]
[Round "1.8"]
[Board "2"]
[White "Chigaev, Maksim"]
[Black "Peng, Li Min"]
[Result "1/2-1/2"]
[WhiteTitle "GM"]
[BlackTitle "GM"]
[WhiteElo "2634"]
[BlackElo "2498"]
[WhiteTeam "Spain"]
[BlackTeam "Switzerland"]
[WhiteFideId "4108116"]
[BlackFideId "14112620"]
[EventDate "2025.10.05"]

1. e4 e6 2. d4 d5 3. Nc3 Nf6 4. e5 Nfd7 5. f4 c5 6. Nf3 Nc6 7. a3 cxd4 8. Nb5
Bc5 9. Nbxd4 Bxd4 10. Nxd4 Ndxe5 11. Be3 Ng6 12. Qd2 O-O 13. O-O-O e5 14. fxe5
Ncxe5 15. h3 a6 16. g4 Re8 17. Kb1 Qc7 18. Bf2 Nc4 19. Qc3 Qa5 20. Qxa5 Nxa5 21.
Nf5 Be6 22. Bg2 Nf4 23. Bf3 Nc6 24. Nd6 Re7 25. c4 dxc4 26. Nxb7 Nd3 27. Rxd3
Ne5 28. Nc5 Rc8 29. Rd6 Nxf3 30. Rhd1 h5 31. Nxe6 Rxe6 32. Rxe6 fxe6 33. gxh5 c3
34. bxc3 Rxc3 35. Kb2 Rc4 36. Rd6 Re4 37. Bc5 1/2-1/2

[Event "25th European Teams"]
[Site "Batumi GEO"]
[Date "2025.10.05"]
[Round "1.8"]
[Board "3"]
[White "Baenziger, Fabian"]
[Black "Yuffa, Daniil"]
[Result "1/2-1/2"]
[WhiteTitle "IM"]
[BlackTitle "GM"]
[WhiteElo "2439"]
[BlackElo "2621"]
[WhiteTeam "Switzerland"]
[BlackTeam "Spain"]
[WhiteFideId "1330110"]
[BlackFideId "24131423"]
[EventDate "2025.10.05"]

1. d4 Nf6 2. c4 e6 3. Nf3 b6 4. g3 Bb7 5. Bg2 Be7 6. O-O O-O 7. Re1 Na6 8. a3 c5
9. d5 exd5 10. Nh4 Ne4 11. cxd5 Bxh4 12. Bxe4 Bf6 13. Qc2 h6 14. Nc3 Re8 15. Bg2
d6 16. Bd2 Nc7 17. Rad1 Bc8 18. h3 a5 19. b4 axb4 20. axb4 Na6 21. Ne4 cxb4 22.
Qc6 Rxe4 23. Qxa8 Rc4 24. e4 b3 25. Rc1 Rxc1 26. Rxc1 Nc5 27. Qa3 Ba6 28. Be3 b2
29. Rb1 Bc4 30. Rxb2 Bxb2 31. Qxb2 b5 32. Bd4 Nd3 33. Qc3 f6 34. Bf1 Ne5 35.
Bxe5 fxe5 36. Bxc4 Qc8 37. Kg2 bxc4 38. Kf3 Qc5 39. Ke2 g5 40. h4 g4 41. h5 Qd4
42. Qxd4 exd4 43. f4 Kf7 1/2-1/2

[Event "25th European Teams"]
[Site "Batumi GEO"]
[Date "2025.10.05"]
[Round "1.8"]
[Board "4"]
[White "Santos Latasa, Jaime"]
[Black "Kurmann, Oliver"]
[Result "1/2-1/2"]
[WhiteTitle "GM"]
[BlackTitle "IM"]
[WhiteElo "2609"]
[BlackElo "2409"]
[WhiteTeam "Spain"]
[BlackTeam "Switzerland"]
[WhiteFideId "2293307"]
[BlackFideId "1308173"]
[EventDate "2025.10.05"]

1. e4 e5 2. Nf3 Nc6 3. Bc4 Bc5 4. O-O Nf6 5. d3 d6 6. c3 a5 7. Re1 O-O 8. h3 Ba7
9. Nbd2 Be6 10. Bb5 Ne7 11. d4 Ng6 12. Nf1 exd4 13. Nxd4 d5 14. exd5 Nxd5 15.
Ng3 c6 16. Bf1 Qc7 17. Ne4 Rae8 18. Nxe6 Rxe6 19. c4 Ndf4 20. Bd2 Rfe8 21. Qf3
Qe7 22. Bxf4 Nxf4 23. Qxf4 Rxe4 24. Rxe4 Qxe4 25. Qxe4 Rxe4 26. Rd1 Rd4 27. Rxd4
Bxd4 28. b3 Kf8 29. Bd3 h6 30. Bf5 Ke7 31. Bc8 1/2-1/2

[Event "25th European Teams"]
[Site "Batumi GEO"]
[Date "2025.10.05"]
[Round "1.9"]
[Board "1"]
[White "Volokitin, Andrei"]
[Black "Petriashvili, Nikoloz"]
[Result "1/2-1/2"]
[WhiteTitle "GM"]
[BlackTitle "IM"]
[WhiteElo "2617"]
[BlackElo "2489"]
[WhiteTeam "Ukraine"]
[BlackTeam "Georgia 2"]
[WhiteFideId "14107090"]
[BlackFideId "13611216"]
[EventDate "2025.10.05"]

1. e4 e5 2. Nf3 Nf6 3. Nxe5 d6 4. Nf3 Nxe4 5. d4 d5 6. Bd3 Bf5 7. O-O Be7 8. Re1
O-O 9. Nbd2 Nd6 10. Nf1 c6 11. Bf4 Bxd3 12. Qxd3 Na6 13. h4 Nc7 14. Ng5 Bxg5 15.
Bxg5 f6 16. Bf4 Qd7 17. Ne3 Rfe8 18. h5 Ne6 19. Bh2 Nf7 20. Ng4 Neg5 21. f3
Rxe1+ 22. Rxe1 Re8 23. Rxe8+ Qxe8 24. Kf2 Qd7 25. Ne3 Ne6 26. c3 Nf8 27. Qf5
Qxf5 28. Nxf5 Ne6 29. a4 Kf8 30. Bb8 a6 31. a5 g6 32. hxg6 hxg6 33. Ne3 Ke7 34.
Ke2 Nd6 35. Kd3 Nf5 36. Nxf5+ gxf5 37. Ke3 Kf7 38. Bf4 Kg6 39. Bd6 Kg5 40. g3
Kg6 41. Bb8 Kg5 42. Bd6 Kg6 43. Bb8 Kg5 44. Bd6 1/2-1/2

[Event "25th European Teams"]
[Site "Batumi GEO"]
[Date "2025.10.05"]
[Round "1.9"]
[Board "2"]
[White "Quparadze, Giga"]
[Black "Korobov, Anton"]
[Result "1-0"]
[WhiteTitle "GM"]
[BlackTitle "GM"]
[WhiteElo "2493"]
[BlackElo "2596"]
[WhiteTeam "Georgia 2"]
[BlackTeam "Ukraine"]
[WhiteFideId "13602250"]
[BlackFideId "14105730"]
[EventDate "2025.10.05"]

1. e4 c5 2. Nf3 d6 3. d4 cxd4 4. Nxd4 Nf6 5. Nc3 a6 6. Be3 e5 7. Nf3 Be7 8. Bc4
O-O 9. Bg5 Be6 10. Bb3 Nbd7 11. O-O Rc8 12. Re1 b5 13. Bxf6 Nxf6 14. Re2 Qb6 15.
Nd5 Nxd5 16. Bxd5 b4 17. h3 Rc5 18. Bb3 a5 19. Ne1 Qb5 20. Nd3 Rc7 21. Bxe6 fxe6
22. a3 bxa3 23. Rxa3 Rc4 24. Re3 a4 25. b3 axb3 26. Rxb3 Qc6 27. Qg4 Qc8 28. Rb8
Qxb8 29. Qxe6+ Kh8 30. Qxc4 Bd8 31. Rf3 Rxf3 32. gxf3 Bb6 33. f4 h6 34. c3 Qd8
35. Qe6 exf4 36. Nxf4 Qg5+ 37. Qg4 Qf6 38. Qg3 Bc5 39. Kg2 Kh7 40. h4 g6 41. h5
gxh5 42. Nxh5 Qe5 43. Qf3 Qg5+ 44. Ng3 Kg6 45. Qf8 Qf6 46. Qg8+ Qg7 47. Qc4 Qf7
48. Qe2 Qf4 49. Qh5+ Kh7 50. Qf5+ Qxf5 51. Nxf5 Kg6 52. Nd4 Ba3 53. Kg3 Bb2 54.
Nb5 Kf6 55. Nxd6 Bxc3 56. f4 h5 57. Nc4 Kg6 58. Ne3 Bd2 59. Kf3 h4 60. Nd5 Kh5
61. e5 Kg6 62. e6 Ba5 63. Kg4 h3 64. f5+ 1-0

[Event "25th European Teams"]
[Site "Batumi GEO"]
[Date "2025.10.05"]
[Round "1.9"]
[Board "3"]
[White "Kovalenko, Igor"]
[Black "Sanikidze, Tornike"]
[Result "1-0"]
[WhiteTitle "GM"]
[BlackTitle "GM"]
[WhiteElo "2669"]
[BlackElo "2409"]
[WhiteTeam "Ukraine"]
[BlackTeam "Georgia 2"]
[WhiteFideId "14117908"]
[BlackFideId "13602608"]
[EventDate "2025.10.05"]

1. Nf3 d5 2. d4 Nf6 3. c4 e6 4. Nc3 c5 5. cxd5 Nxd5 6. e4 Nxc3 7. bxc3 cxd4 8.
cxd4 Bb4+ 9. Bd2 Bxd2+ 10. Qxd2 O-O 11. Rc1 b6 12. h4 Bb7 13. Bd3 Nc6 14. Bb1
Qd6 15. O-O e5 16. d5 Na5 17. h5 Rac8 18. Qg5 f6 19. Qg4 Rc4 20. h6 g6 21. Nh4
Bc8 22. Qg3 g5 23. Bd3 Rxc1 24. Rxc1 Bd7 25. Nf5 Bxf5 26. exf5 Rf7 27. Ba6 Rc7
28. Rxc7 Qxc7 29. Qa3 Kf7 30. d6 Qc2 31. Qf3 Qc1+ 32. Bf1 Qc6 33. Qa3 Ke8 34.
Qb4 Kd8 35. g3 Qc2 36. Qb5 Qc6 37. Qa6 Qb7 38. Qd3 Kd7 39. Bg2 Qc8 40. Qb5+ Nc6
41. Qd5 Nd4 42. Qf7+ Kxd6 43. Qxf6+ Kd7 44. Qf7+ Kd8 45. Qg8+ 1-0

[Event "25th European Teams"]
[Site "Batumi GEO"]
[Date "2025.10.05"]
[Round "1.9"]
[Board "4"]
[White "Akhvlediani, Irakli"]
[Black "Samunenkov, Ihor"]
[Result "0-1"]
[WhiteTitle "IM"]
[BlackTitle "GM"]
[WhiteElo "2436"]
[BlackElo "2568"]
[WhiteTeam "Georgia 2"]
[BlackTeam "Ukraine"]
[WhiteFideId "13601938"]
[BlackFideId "14187086"]
[EventDate "2025.10.05"]

1. d4 Nf6 2. c4 e6 3. Nc3 Bb4 4. e3 O-O 5. Bd3 d5 6. cxd5 exd5 7. Ne2 Re8 8. Bd2
Bd6 9. Rc1 c6 10. Ng3 Nbd7 11. O-O Nf8 12. f3 Ng6 13. Qe1 b6 14. Qf2 c5 15. Nf5
Bf8 16. g4 Ne7 17. Bb5 Nxf5 18. Bxe8 Qxe8 19. gxf5 Bxf5 20. Rfe1 Rd8 21. b3 Rd6
22. Kh1 Qd7 23. Ne2 Ne4 24. fxe4 Bxe4+ 25. Kg1 Rg6+ 26. Ng3 Bd6 27. Rf1 f6 28.
Be1 Qh3 29. Qf3 Bxf3 30. Rxf3 h5 31. dxc5 bxc5 0-1

[Event "25th European Teams"]
[Site "Batumi GEO"]
[Date "2025.10.05"]
[Round "1.10"]
[Board "1"]
[White "Lashkin, Jegor"]
[Black "Theodorou, Nikolas"]
[Result "1/2-1/2"]
[WhiteTitle "IM"]
[BlackTitle "GM"]
[WhiteElo "2497"]
[BlackElo "2652"]
[WhiteTeam "Moldova"]
[BlackTeam "Greece"]
[WhiteFideId "13907808"]
[BlackFideId "4262875"]
[EventDate "2025.10.05"]

1. d4 Nf6 2. c4 e6 3. Nf3 b6 4. g3 Bb7 5. Bg2 Bb4+ 6. Bd2 c5 7. Bxb4 cxb4 8. O-O
O-O 9. Qd3 d5 10. Nbd2 Nc6 11. Rac1 a5 12. Rfd1 Ba6 13. e4 Bxc4 14. Nxc4 dxe4
15. Qe3 exf3 16. Bxf3 Nd5 17. Bxd5 exd5 18. Ne5 Ne7 19. Qf4 Rc8 20. h4 h5 21.
Kg2 f6 22. Nd3 Qd7 23. Qf3 Qg4 24. Nf4 Qxf3+ 25. Kxf3 g6 26. Ne6 Rfe8 27. Nc7
Red8 28. Ne6 Rxc1 29. Rxc1 Rd7 30. Rc7 Rxc7 31. Nxc7 Kf7 32. Kf4 Kf8 33. Na8 b5
34. Nc7 Kf7 35. f3 Nf5 36. Nxb5 Ke6 37. Nc7+ Kd6 38. Ne8+ Ke6 39. Nc7+ Kd6 40.
Ne8+ Ke7 41. Nc7 Kd6 1/2-1/2

[Event "25th European Teams"]
[Site "Batumi GEO"]
[Date "2025.10.05"]
[Round "1.10"]
[Board "2"]
[White "Kourkoulos-Arditis, Stamatis"]
[Black "Schitco, Ivan"]
[Result "1-0"]
[WhiteTitle "GM"]
[BlackTitle "GM"]
[WhiteElo "2583"]
[BlackElo "2483"]
[WhiteTeam "Greece"]
[BlackTeam "Moldova"]
[WhiteFideId "4221990"]
[BlackFideId "13905465"]
[EventDate "2025.10.05"]

1. e4 e5 2. Nf3 Nc6 3. Bb5 a6 4. Ba4 Nf6 5. O-O Be7 6. d3 b5 7. Bb3 O-O 8. a4 b4
9. a5 d6 10. Nbd2 Be6 11. Nc4 Qc8 12. h3 Rb8 13. Be3 h6 14. Nfd2 Qb7 15. Ba4 Nd7
16. Qf3 Kh8 17. c3 f5 18. exf5 d5 19. g4 Bg8 20. d4 e4 21. Qg2 Bf6 22. f3 dxc4
23. fxe4 Rbd8 24. h4 bxc3 25. bxc3 Nxd4 26. cxd4 c5 27. Rab1 Qc7 28. d5 Bd4 29.
Nxc4 Ne5 30. Qg3 Bxe3+ 31. Nxe3 c4 32. Bc6 Qe7 33. Rb7 Qd6 34. Rb6 c3 35. Kg2
Qe7 36. Rb7 Qd6 37. Rb6 Qe7 38. Rb7 Qd6 39. Rc1 Rf7 40. Rxf7 Bxf7 41. Rxc3 Rb8
42. Nc4 Nxc4 43. Rxc4 Rb2+ 44. Kh3 Qd8 45. g5 hxg5 46. hxg5 Bh5 47. d6 Qg8 48.
Bd5 Qh7 49. Rc8+ Be8+ 50. Kg4 Qh5+ 51. Kf4 Kh7 52. Rxe8 g6 53. Re7+ Kh8 54. Qc3# 1-0

[Event "25th European Teams"]
[Site "Batumi GEO"]
[Date "2025.10.05"]
[Round "1.10"]
[Board "3"]
[White "Hamitevici, Vladimir"]
[Black "Papaioannou, Ioannis"]
[Result "1/2-1/2"]
[WhiteTitle "GM"]
[BlackTitle "GM"]
[WhiteElo "2445"]
[BlackElo "2623"]
[WhiteTeam "Moldova"]
[BlackTeam "Greece"]
[WhiteFideId "13902393"]
[BlackFideId "4201345"]
[EventDate "2025.10.05"]

1. Nf3 d5 2. c4 e6 3. e3 Nf6 4. Nc3 Bd6 5. b3 b6 6. Bb2 a6 7. Qc2 Bb7 8. cxd5
exd5 9. a3 O-O 10. Ne2 c5 11. Ng3 Re8 12. Be2 Nbd7 13. O-O Rc8 14. Rfe1 Bf8 15.
h3 Ne4 16. Nxe4 dxe4 17. Nh2 Ne5 18. Ng4 Nd3 19. Bxd3 Qxd3 20. Qxd3 exd3 21. Bc3
b5 22. f3 Bd5 23. b4 Red8 24. Reb1 Be6 25. Nf2 f5 26. Kf1 Bc4 27. g4 g6 28. e4
Be6 29. exf5 gxf5 30. h4 fxg4 31. Re1 Rc6 32. fxg4 Rd7 33. Re5 Bg7 34. Rg5 h6
35. Rxg7+ Rxg7 36. Bxg7 Kxg7 37. Re1 Bf7 1/2-1/2

[Event "25th European Teams"]
[Site "Batumi GEO"]
[Date "2025.10.05"]
[Round "1.10"]
[Board "4"]
[White "Mastrovasilis, Dimitrios"]
[Black "Baltag, Iulian"]
[Result "1-0"]
[WhiteTitle "GM"]
[BlackTitle "IM"]
[WhiteElo "2522"]
[BlackElo "2394"]
[WhiteTeam "Greece"]
[BlackTeam "Moldova"]
[WhiteFideId "4202694"]
[BlackFideId "13901419"]
[EventDate "2025.10.05"]

1. Nf3 d5 2. d4 Nf6 3. c4 c6 4. cxd5 cxd5 5. Nc3 Nc6 6. Bf4 g6 7. h3 Ne4 8. e3
Nxc3 9. bxc3 Bg7 10. Bd3 O-O 11. O-O b6 12. Qe2 Na5 13. Nd2 Bb7 14. Nb3 Nc6 15.
a4 e5 16. Bg3 a5 17. Bb5 Qe7 18. Rfb1 Rfc8 19. Qb2 Nb8 20. Nd2 Bc6 21. Bxc6 Rxc6
22. Qb5 Rxc3 23. Qxd5 Nc6 24. Ne4 Rd8 25. Qb5 Na7 26. Qxb6 Rc6 27. Qxa5 exd4 28.
exd4 Bxd4 29. Ra2 Rcc8 30. Re2 Nc6 31. Qe1 Qa3 32. Bh4 Rf8 33. Qc1 Qd3 34. Qd1
Qa3 35. Qc1 Qd3 36. Qd1 Qa3 37. Rd2 Bg7 38. Bf6 Bxf6 39. Nxf6+ Kg7 40. Ra1 Qb4
41. Nd5 Qa5 42. Raa2 f6 43. Ne3 Ne5 44. Rd5 Qa7 45. Ng4 Nf7 46. Re2 Qa6 47. Re7
h5 48. Ne3 Rce8 49. Rc7 Rc8 50. Re7 Rce8 51. Rdd7 Rxe7 52. Rxe7 Qc6 53. Qb3 Qc1+
54. Nf1 Qc5 55. Rb7 Qa5 56. Rb5 Qa7 57. Rb7 Qa5 58. h4 Qe1 59. Qd5 Qe5 60. Qxe5
fxe5 61. Ne3 Rc8 62. a5 Rc1+ 63. Kh2 Ra1 64. Nc4 Kf6 65. Rb6+ Kf5 66. Ne3+ Ke4
67. a6 Nh6 68. Rxg6 Nf5 69. Nxf5 Kxf5 70. Rg5+ Kf4 71. g3+ Ke4 72. Rxh5 Rxa6 73.
Kg2 Rg6 74. Rg5 Rh6 75. h5 Kd5 1-0

[Event "25th European Teams"]
[Site "Batumi GEO"]
[Date "2025.10.05"]
[Round "1.11"]
[Board "1"]
[White "Maurizzi, MarcAndria"]
[Black "Dardha, Daniel"]
[Result "1/2-1/2"]
[WhiteTitle "GM"]
[BlackTitle "GM"]
[WhiteElo "2624"]
[BlackElo "2605"]
[WhiteTeam "France"]
[BlackTeam "Belgium"]
[WhiteFideId "36083534"]
[BlackFideId "240990"]
[EventDate "2025.10.05"]

1. d4 Nf6 2. c4 e6 3. Nc3 d5 4. cxd5 Nxd5 5. e4 Nxc3 6. bxc3 c5 7. Rb1 Be7 8.
Nf3 O-O 9. h4 b6 10. h5 h6 11. Rh3 Kh8 12. Rg3 Nd7 13. Bd3 cxd4 14. cxd4 e5 15.
Qd2 Bf6 16. d5 Nc5 17. Kf1 Bh4 18. Rxg7 Kxg7 19. Qxh6+ Kg8 20. Bg5 f6 21. Qg6+
Kh8 22. Qh6+ Kg8 23. Qg6+ Kh8 24. Qh6+ Kg8 1/2-1/2